header

Schumann (Record no. 51753)

MARC details
000 -LEADER
fixed length control field 01243nam a22003254a 4500
082 04 - DEWEY DECIMAL CLASSIFICATION NUMBER
Classification number 780/.92
-- B
100 1# - MAIN ENTRY--AUTHOR NAME
Personal name Jensen, Eric Frederick,
245 10 - TITLE STATEMENT
Title Schumann
260 ## - PUBLICATION, DISTRIBUTION, ETC. (IMPRINT)
Place of publication New York :
Name of publisher Oxford University Press,
Year of publication 2001.
300 ## - PHYSICAL DESCRIPTION
Number of Pages xv, 380 p. :
Other physical details ill.
490 1# - SERIES STATEMENT
Series statement The master musicians
650 #0 - SUBJECT ADDED ENTRY--TOPICAL TERM
Topical Term Composers
856 40 - ELECTRONIC LOCATION AND ACCESS
Uniform Resource Identifier http://site.ebrary.com/lib/rucke/Doc?id=10087249

No items available.

© 2026 Rongo University
Contact us: librarian | system librarian | Rongo university